000 00402cam a22001814a 4500
005 20250605164115.0
008 250528s ||||||||||||||||||||||||d
035 _a18050
040 _aGR-AtMCL
_bgre
_dGR-AtMCL
_eAACR2
245 1 _aSOLVING THE MYSTERY OF SWAPS
250 _a1
260 _c1996
300 _a185
710 2 _aKpmg
_99751
942 _cBK
999 _c3442
_d3442